000
00240nam a2200097Ia 4500
008
120527s9999 xx 000 0 und d
100
_a
FAPOUNDA, Wale .et al
245
_a
Harmonized model constitution
260
_b
Open Society
942
_c
BK
999
_c
25380
_d
25380